000 00707nam a2200205 a 4500
001 000045230
005 20201002050003.0
008 150212s2011 dr a 000 0 spa d
020 _a9789945460780
040 _aDO-SdBNP
_bspa
_cBNPHU
082 _axxxx
_bxxxx
100 1 _aValdez, Diógenes,
_d1941-
_920511
245 1 0 _aHistoria de un muñeco que quería ser niño /
_cDiógenes Valdez ; ilustraciones Marcial Báez.
260 _aSanto Domingo :
_bSantuario,
_c2011.
300 _a41 p. :
_bil. ;
_c22 cm.
490 1 _aSantuario infantil
500 _aIncluye datos biográficos del autor en la solapa de la cubierta.
700 1 2 _aBáez, Marcial,
_eil.
_929247
830 0 _aSantuario infantil
_955663
999 _c44719
_d44719